000 01034naa a2200253 c 4500
001 49400
999 _c49400
_d49400
003 ES-MaCES
005 20170510133714.0
008 170510s2017 sp ||||| t||||||| ||spa d
040 _aES-MaCES
_bspa
_cES-MaCES
_dES-MaCES
100 1 _911832
_aFernández Docampo, Belén
245 1 3 _aLa ejecución en los procesos de despido colectivos. Especial referencia a las sentencias de naturaleza colectiva
_cBelén Fernández Docampo
500 _aResumen
650 4 _928359
_adespido colectivo
650 4 _930703
_asuspensión del contrato de trabajo
650 4 _928367
_aconflicto de trabajo
650 4 _927165
_aderecho del trabajo
650 4 _927166
_alegislación del trabajo
650 4 _929889
_aprocedimiento judicial
653 1 0 _aRelaciones laborales-Empleo
773 0 _986032
_dLas Rozas, Madrid Wolters Kluwer España 2015-
_o088930
_tTrabajo y derecho
_w(ES-MaCES)45892
_gn. 28 (abr. 2017) {55/1129 R. 088930} ;p. 57-72
902 _aART Artículo de revista
942 _2CES
_cAR
_h2.0.